00329nam a22001217a 4500020001800000040000900018082001700027100002300044245006700067260003400134300001200168650002700180 a969-35-0073-3 cNUST a891.4393,HUS aHussein, Abdullah  aUdaas Naslain / اداس نسلیں (Urdu) /cAbdullah Hussein aLahorebSang-e-Meel Pubc2015 a512 p.; aUrdu LiteraturexNovel